| Поле | Название | Значение |
| |
Тип записи |
a |
| |
Библиографический уровень |
m |
| 001 |
Контрольный номер |
RU/SLIB/B/208722407 |
| 005 |
Дата корректировки |
20201206203950.0 |
| 010 |
Индекс ISBN |
__ |
| d |
Цена |
25000-00; 1-95 |
| 101 |
Язык документа |
__ |
| a |
Язык текста |
rus |
| 200 |
Заглавие и сведения об ответственности |
0_ |
| a |
Заглавие |
Просвещение на советском Крайнем Севере |
| e |
Сведения, относящиеся к заглавию |
в помощь учителю школ Крайнего Севера |
| f |
Первые сведения об ответственности |
Гл. упр. шк. м-ва просвещения РСФСР ; редкол.: Л. А. Варковицкая [и др.], сост. Ф.Ф. Кронгауз |
| b |
Общее обозначение материала |
Текст |
| h |
Номер части |
Вып. 8 |
| 210 |
Выходные данные |
__ |
| a |
Место издания |
Л. |
| c |
Издательство |
Учпедгиз |
| d |
Дата издания |
1958 |
| 215 |
Физическое описание |
__ |
| a |
Объем |
390 с. |
| 606 |
Тематические рубрики |
__ |
| a |
Основная рубрика |
Образование. Педагогика |
| y |
Географическая подрубрика |
Ханты-Мансийский автономный округ; Россия; Тюменская область |
| 606 |
Тематические рубрики |
__ |
| a |
Основная рубрика |
История образования |
| 610 |
Ключевые слова |
__ |
| a |
Ключевые слова |
краеведение; просвещение; история педагогики; советская педагогика; персоналии |
| 686 |
Индексы других классификаций |
__ |
| a |
Классификационный индекс |
К74.03(2)6 |
| 702 |
Вторичная интеллектуальная ответственность |
_1 |
| a |
Фамилия |
Варковицкая |
| b |
Имя |
Л. А. |
| 4 |
Код отношения |
Редактор |
| 702 |
Вторичная интеллектуальная ответственность |
_1 |
| a |
Фамилия |
Кронгауз |
| b |
Имя |
Ф. Ф. |
| 4 |
Код отношения |
Составитель |
| 801 |
Источник записи |
_0 |
| a |
Страна |
RU |
| b |
Организация |
Муниципальное бюджетное учреждение культуры "Централизованная библиотечная система" г. Сургут (Центральная городская библиотека им. А. С. Пушкина) |
| g |
Правила каталогизации |
КиК/Нещерет |
| 801 |
Источник записи |
_1 |
| a |
Страна |
RU |
| b |
Организация |
Муниципальное бюджетное учреждение культуры "Централизованная библиотечная система" г. Сургут (Центральная городская библиотека им. А. С. Пушкина) |
| g |
Правила каталогизации |
КиК/Нещерет |
| 852 |
Данные о местонахождении |
__ |
| j |
Шифр хранения |
К74.03(2)6 |
| c |
Каталожный индекс |
К74.03(2) |
| i |
Авторский знак |
П 78 |
| p |
Инвентарный номер |
64621; 3857(п) |
| 901 |
Тип документа |
__ |
| t |
Тип документа |
m |
| 990 |
Данные о заказе (DOS) |
__ |
| j |
Количество экземпляров (DOS) |
1; 1 |